Non-domestic rating revaluation (Record no. 104796)

MARC details
000 -LEADER
fixed length control field 01143cam a2200277 4500
001 - CONTROL NUMBER
control field ##L131621
008 - FIXED-LENGTH DATA ELEMENTS--GENERAL INFORMATION
fixed length control field 051121n2005 000 0 eng u
035 ## - SYSTEM CONTROL NUMBER
System control number (Sirsi) u131621
041 0# - LANGUAGE CODE
Language code of text/sound track or separate title eng
050 04 - LIBRARY OF CONGRESS CALL NUMBER
Classification number 336.21 $2 18
110 1# - MAIN ENTRY--CORPORATE NAME
Corporate name or jurisdiction name as entry element Lawrence Tattersall Chartered Surveyors
9 (RLIN) 3891
245 00 - TITLE STATEMENT
Title Non-domestic rating revaluation
Remainder of title public houses - approved guide to valuation
260 ## - PUBLICATION, DISTRIBUTION, ETC.
Place of publication, distribution, etc. Sheffield
Name of publisher, distributor, etc. Lawrence Tattersall
Date of publication, distribution, etc. 2005
300 ## - PHYSICAL DESCRIPTION
Extent 23p
Other physical details 30cm
505 0# - FORMATTED CONTENTS NOTE
Formatted contents note Introduction
505 0# - FORMATTED CONTENTS NOTE
Formatted contents note Liquor sales
505 0# - FORMATTED CONTENTS NOTE
Formatted contents note Food sales
505 0# - FORMATTED CONTENTS NOTE
Formatted contents note Accommodation sales
505 0# - FORMATTED CONTENTS NOTE
Formatted contents note Other receipts
505 0# - FORMATTED CONTENTS NOTE
Formatted contents note Other considerations
505 0# - FORMATTED CONTENTS NOTE
Formatted contents note Appendices
-- summary tables; Central London liquor bands; Outer London liquor bands; Provincial England and Wales liquor bands and food bands.
520 ## - SUMMARY, ETC.
Summary, etc. Provides guidance for the valuation of public houses for rating purposes for the non-domestic revaluation which came into effect on 1 April 2005, agreed between the British Beer and Pub Association and the Valuation Office Agency.
590 ## - LOCAL NOTE (RLIN)
Local note IKA221105
690 ## - LOCAL SUBJECT ADDED ENTRY--TOPICAL TERM (OCLC, RLIN)
Topical term or geographic name as entry element PROPERTY-PROPERTY VALUATION AND APPRAISAL
942 ## - ADDED ENTRY ELEMENTS (KOHA)
Suppress in OPAC 0
Holdings
Withdrawn status Lost status Source of classification or shelving scheme Damaged status Not for loan Home library Current library Shelving location Date acquired Total Checkouts Full call number Barcode Date last seen Date last checked out Copy number Price effective from Koha item type
    Dewey Decimal Classification     London London Folio 21/11/2005 6 F336.21 TAT 30070627 06/08/2019 02/06/2008 1 06/08/2019 Book